Conceptos de zoología / (Record no. 65586)
[ view plain ]
| 000 -LEADER | |
|---|---|
| campo de control de longitud fija | 00524nam a2200181 i 4500 |
| 001 - NÚMERO DE CONTROL | |
| campo de control | 65586 |
| 003 - IDENTIFICADOR DE NÚMERO DE CONTROL | |
| campo de control | ES-MaACL |
| 007 - CAMPO FIJO DE DESCRIPCIÓN FÍSICA--INFORMACIÓN GENERAL | |
| campo de control de longitud fija | t| |
| 008 - DATOS DE LONGITUD FIJA--INFORMACIÓN GENERAL | |
| campo de control de longitud fija | 040116s1975 sp ||||1| spa d |
| 100 1# - ENTRADA PRINCIPAL--NOMBRE DE PERSONA | |
| Nombre de persona | Frings, H. |
| 9 (RLIN) | 52666 |
| 245 10 - MENCIÓN DEL TÍTULO | |
| Título | Conceptos de zoología / |
| Mención de responsabilidad, etc. | H. Frings, M. Frings ; versión de M.G. de Viedma. |
| 250 ## - MENCION DE EDICION | |
| Mención de edición | [1ª ed.]. |
| 260 ## - PUBLICACIÓN, DISTRIBUCIÓN, ETC. | |
| Lugar de publicación, distribución, etc. | Madrid : |
| Nombre del editor, distribuidor, etc. | Alhambra, |
| Fecha de publicación, distribución, etc. | [1975] |
| 300 ## - DESCRIPCIÓN FÍSICA | |
| Extensión | 448 p. : |
| Otras características físicas | il. ; |
| Dimensiones | 24 cm. |
| 700 1# - ENTRADA AGREGADA--NOMBRE PERSONAL | |
| Nombre de persona | Frings, M. |
| 9 (RLIN) | 52667 |
| 700 1# - ENTRADA AGREGADA--NOMBRE PERSONAL | |
| Nombre de persona | Viedma, M. G. de. |
| 9 (RLIN) | 114561 |
| 852 ## - LOCALIZACIÓN | |
| Ubicación | ES-MaACL |
| Número de control de estantería | E-7227 |
| Sublocalización o colección | R.91187 |
| Estatus retirado | Estado de pérdida | Estado de daño | No para préstamo | Biblioteca de origen | Biblioteca actual | Ubicación en estantería | Fecha de adquisición | Fuente de adquisición | Total de préstamos | Signatura topográfica completa | Código de barras | Visto por última vez | Precio de reemplazo | Tipo de ítem Koha |
|---|---|---|---|---|---|---|---|---|---|---|---|---|---|---|
| Biblioteca del Ateneo de Madrid | Biblioteca del Ateneo de Madrid | Depósito 2 | 17/01/2008 | E-7227 | 1068715 | 23/02/2023 | 23/02/2023 | Libro impreso |
